To study the Feasibility of Running JP-8 Fuel in Diesel Engine (Record no. 327597)
[ view plain ]
| 000 -LEADER | |
|---|---|
| fixed length control field | 00394 a2200133 4500 |
| 001 - CONTROL NUMBER | |
| control field | 92524 |
| 082 ## - DEWEY DECIMAL CLASSIFICATION NUMBER | |
| Classification number | PR 2558 |
| 090 ## - LOCALLY ASSIGNED LC-TYPE CALL NUMBER (OCLC); LOCAL CALL NUMBER (RLIN) | |
| -- | 44497 |
| -- | 44498 |
| 100 ## - MAIN ENTRY--PERSONAL NAME | |
| Personal name | Shahan Qamar ; Prof Ali Sarosh and Prof Babar Saeed (Advisors) |
| 245 ## - TITLE STATEMENT | |
| Title | To study the Feasibility of Running JP-8 Fuel in Diesel Engine |
| Number of part/section of a work | 79 EC "A" |
| 260 ## - PUBLICATION, DISTRIBUTION, ETC. | |
| Place of publication, distribution, etc. | Islamabad |
| Name of publisher, distributor, etc. | NUST |
| Date of publication, distribution, etc. | 2015 |
| 300 ## - PHYSICAL DESCRIPTION | |
| Extent | 60p. |
| 500 ## - GENERAL NOTE | |
| General note | BeE Project Report |
| 942 ## - ADDED ENTRY ELEMENTS (KOHA) | |
| Institution code [OBSOLETE] | CAE NUST |
| Call number prefix | PR 2558 |
| Withdrawn status | Lost status | Damaged status | Not for loan | Collection code | Permanent Location | Current Location | Date acquired | Total Checkouts | Full call number | Barcode | Date last seen | Price effective from | Koha item type |
|---|---|---|---|---|---|---|---|---|---|---|---|---|---|
| College of Aeronautical Engineering (CAE) | College of Aeronautical Engineering (CAE) | 04/03/2017 | PR 2558 | CAEPR-2558 | 04/05/2017 | 04/05/2017 | Book |
